000 00997nam a2200325Ia 4500
001 76358
003 IT-RoPAU
008 130308s9999 xx 000 0 und d
040 _aIT-RoPAU
040 _cIT-RoPAU
041 _aINGLESE
100 _aWitte Stephen P.
100 _gCodice Aut. SPICS: 26526
245 _aWriting Processes and Written Products in composition Research
245 _bStudying Writing: Linguistic Approaches
250 _a1a ed.
260 _aLONDON
260 _bSage Publications B.H.
260 _c1986 [1° Ed.:1986 - Ed.Ling.Originale:1986]
300 _a"42 p. (prefazione: no ; testo: 42 [pagine: 112-153])"
500 _aProcesso Dello Scrivere e prodotto scritto nella Composizione della Ricerca messa a fuoco del Contenuto del testo
650 _aLINGUISTICA
650 _eCodice materia Spics: 3201
700 _aCherry Roger D.
700 _gCodice Aut. SPICS: 26602
942 _cBK
957 _71
999 _c39646
_d39646
999 _bSI
999 _g1